000 00492nam a2200169 a 4500
001 0000-9293
003 ELIB.Books
008 110520 1983
035 _a(ELIB.Books)0000-9445
082 _a248.6
_bVan / Fag
100 _aVan Benschoten, A. Q./ Fagan, A. R.
245 _aWhat the Bible Says About Stewardship
260 _bValley Forge: Judson Press
_c1983/ Nashville: Convention Press
650 _aStewardship
942 _2ddc
_cBK
998 _cbat
_e2011-05-20
999 _c9293
_d9293